Financial reporting and analysis (Record no. 2175)
[ view plain ]
| 005 - DATE AND TIME OF LATEST TRANSACTION | |
|---|---|
| control field | 20250516060317.0 |
| 020 ## - INTERNATIONAL STANDARD BOOK NUMBER | |
| International Standard Book Number | 978-0-07-352709-3 |
| 082 ## - DEWEY DECIMAL CLASSIFICATION NUMBER | |
| Classification number | LECT 657.3 REV |
| 100 ## - MAIN ENTRY--PERSONAL NAME | |
| Author name | REVSINE, L. |
| 245 ## - TITLE STATEMENT | |
| Title | Financial reporting and analysis |
| 250 ## - EDITION STATEMENT | |
| Edition statement | 4th Ed. |
| 260 ## - PUBLICATION, DISTRIBUTION, ETC. | |
| Place of publication, distribution, etc. | London, |
| Name of publisher, distributor, etc. | McGraw-Hill, |
| Date of publication, distribution, etc. | 2009. |
| 300 ## - PHYSICAL DESCRIPTION | |
| Extent | xxii, 1130p.: ill.; Chart, figure, graph, picture, table. |
| Other physical details | Index. |
| Dimensions | 28cm. |
| 700 ## - ADDED ENTRY--PERSONAL NAME | |
| Other authors/Editors | COLLINS, D. W. & JOHNSON, W. B. & MITTELSTAEDT, H. F. |
| 856 ## - ELECTRONIC LOCATION AND ACCESS | |
| Link text | Access Online Book |
| Electronic name | Financial reporting and analysis |
| Path | www.mhhw.com/revsine4e |
| 942 ## - ADDED ENTRY ELEMENTS (KOHA) | |
| Source of classification or shelving scheme | Dewey Decimal Classification |
| Koha item type | Books |
| Date last seen | Total checkouts | Full call number | Barcode | Price effective from | Koha item type | Lost status | Source of classification or shelving scheme | Damaged status | Not for loan | Withdrawn status | Home library | Current library | Shelving location | Date acquired | Cost, normal purchase price |
|---|---|---|---|---|---|---|---|---|---|---|---|---|---|---|---|
| 05/08/2025 | LECT 657.3 REV | 0000008443 | 05/08/2025 | Books | Dewey Decimal Classification | College of Business Education Main Library | College of Business Education Main Library | General Collection | 07/16/2012 | 60000.00 | |||||
| 05/08/2025 | LECT 657.3 REV | 0000008444 | 05/08/2025 | Books | Dewey Decimal Classification | College of Business Education Main Library | College of Business Education Main Library | General Collection | 07/16/2012 | 60000.00 | |||||
| 05/08/2025 | LECT 657.3 REV | 0000008445 | 05/08/2025 | Books | Dewey Decimal Classification | College of Business Education Main Library | College of Business Education Main Library | General Collection | 07/16/2012 | 60000.00 | |||||
| 05/08/2025 | LECT 657.3 REV | 0000008446 | 05/08/2025 | Books | Dewey Decimal Classification | College of Business Education Main Library | College of Business Education Main Library | General Collection | 07/16/2012 | 60000.00 | |||||
| 05/08/2025 | LECT 657.3 REV | 0000008447 | 05/08/2025 | Books | Dewey Decimal Classification | College of Business Education Main Library | College of Business Education Main Library | General Collection | 07/16/2012 | 60000.00 |
